Statistics for NBA teams Vince Carter has played on

Click here to take the quiz!

General Stats

  • This quiz has been taken 12 times
  • The average score is 6 of 8

Answer Stats

Years with teamTeam% Correct
1999-2005Toronto Raptors
100%
2012-2014Dallas Mavericks
90%
2019-2020Atlanta Hawks
90%
2010-2011Orlando Magic
80%
2018Sacramento Kings
80%
2011Phoenix Suns
70%
2005-2009New Jersey Nets
50%
2015-2017Memphis Grizzlies
50%

Score Distribution

Percentile by Number Answered

Percent of People with Each Score

Your Score History

You have not taken this quiz